Welcome to CU Library Online Public Access Catalogue (OPAC)

african philosophy and pathology of godhood and traditionalism (Record no. 2933)

MARC details
000 -LEADER
fixed length control field 00429nam a22001577a 4500
005 - DATE AND TIME OF LATEST TRANSACTION
control field 20250123151433.0
008 - FIXED-LENGTH DATA ELEMENTS--GENERAL INFORMATION
fixed length control field 250123b |||||||| |||| 00| 0 eng d
020 ## - INTERNATIONAL STANDARD BOOK NUMBER
International Standard Book Number 11188170
050 ## - LIBRARY OF CONGRESS CALL NUMBER
Classification number HN773.5 AFR
Item number 1
100 ## - MAIN ENTRY--PERSONAL NAME
Personal name Dukor,Madaubuchi ed.
245 ## - TITLE STATEMENT
Title african philosophy and pathology of godhood and traditionalism
250 ## - EDITION STATEMENT
Edition statement no.2
260 ## - PUBLICATION, DISTRIBUTION, ETC.
Place of publication, distribution, etc. lagos
Name of publisher, distributor, etc. Essence library
Date of publication, distribution, etc. 2005
300 ## - PHYSICAL DESCRIPTION
Extent xxviii,298p
942 ## - ADDED ENTRY ELEMENTS (KOHA)
Source of classification or shelving scheme Library of Congress Classification
Koha item type Books
Suppress in OPAC No
999 ## -
-- 2933
-- 2933
Holdings
Withdrawn status Lost status Source of classification or shelving scheme Damaged status Not for loan Collection Home library Current library Shelving location Date acquired Total checkouts Full call number Barcode Date last seen Copy number Price effective from Koha item type
    Library of Congress Classification     Non-fiction Graduate Library (Christ Temple) Graduate Library (Christ Temple) General stacks 01/23/2025   HN 773.5 AFR GSCT00000308 01/23/2025 1 01/23/2025 Books
    Library of Congress Classification     Non-fiction Graduate Library (Christ Temple) Graduate Library (Christ Temple) General stacks 01/23/2025   HN 773.5 AFR GSCT00000309 01/23/2025 2 01/23/2025 Books
© 2023-2024 Copyright: Central University Libraries. All Rights Reserved | Created by: Mahone Tech Office